| Tag |
First Indicator |
Second Indicator |
Subfields |
| LEADER |
00000cam a2200000 a 4500 |
| 001 |
in00002578430 |
| 005 |
20151201153451.0 |
| 008 |
861117s1987 njua b 001 0 eng |
| 010 |
|
|
|a 86030285
|
| 015 |
|
|
|a GB88-11017
|
| 019 |
|
|
|a 17509315
|
| 020 |
|
|
|a 0132215810 :
|c $42.95
|
| 020 |
|
|
|a 9780132215817
|
| 035 |
|
|
|a (OCoLC)ocm14931671
|
| 035 |
|
|
|a (OCoLC)14931671
|z (OCoLC)17509315
|
| 040 |
|
|
|a DLC
|c DLC
|d UKM
|d BAKER
|d YDXCP
|d OKR
|d UtOrBLW
|
| 049 |
|
|
|a TXAM
|
| 050 |
0 |
0 |
|a T57.83
|b .B484 1987
|
| 082 |
0 |
4 |
|a 519.7/03
|2 19
|
| 100 |
1 |
|
|a Bertsekas, Dimitri P.
|
| 245 |
1 |
0 |
|a Dynamic programming :
|b deterministic and stochastic models /
|c Dimitri P. Bertsekas.
|
| 264 |
|
1 |
|a Englewood Cliffs, N.J. :
|b Prentice-Hall,
|c [1987]
|
| 264 |
|
4 |
|c ©1987
|
| 300 |
|
|
|a viii, 376 pages :
|b illustrations ;
|c 24 cm.
|
| 336 |
|
|
|a text
|b txt
|2 rdacontent
|
| 337 |
|
|
|a unmediated
|b n
|2 rdamedia
|
| 338 |
|
|
|a volume
|b nc
|2 rdacarrier
|
| 500 |
|
|
|a "Portions of this volume are adapted and reprinted from Dynamic programming and stochastic control by Dimitri P. Bertsekas"--Verso title page.
|
| 504 |
|
|
|a Bibliography: pages 360-372.
|
| 500 |
|
|
|a Includes index.
|
| 650 |
|
0 |
|a Dynamic programming.
|
| 653 |
|
|
|a Dynamic programming
|
| 938 |
|
|
|a Baker & Taylor
|b BKTY
|c 89.33
|d 89.33
|i 0132215810
|n 0001147715
|s active
|
| 938 |
|
|
|a YBP Library Services
|b YANK
|n 67205
|
| 948 |
|
|
|a cataloged
|b h
|c 2010/8/18
|d c
|e ceaton
|f 12:28:24 pm
|
| 994 |
|
|
|a C0
|b TXA
|
| 999 |
|
|
|a MARS
|
| 999 |
f |
f |
|s 667864f2-62c7-381c-b38d-bd4385c1905b
|i 05f2802e-45d2-37c2-a117-f0e8a3045a4e
|t 0
|
| 952 |
f |
f |
|p normal
|a Texas A&M University
|b College Station
|c Sterling C. Evans Library
|d Evans: Library Stacks
|t 0
|e T57.83 .B484 1987
|h Library of Congress classification
|i unmediated -- volume
|m A14839256148
|
| 998 |
f |
f |
|a T57.83 .B484 1987
|t 0
|l Evans: Library Stacks
|